| 000 | 01114nam a22004210a 4500 | ||
|---|---|---|---|
| 001 | UByD000672 | ||
| 003 | AR-LpoUNG | ||
| 005 | 20220625231907.0 | ||
| 008 | 220625s1987||||ag |||||||||||||||||spa d | ||
| 020 | _a9509693138 | ||
| 040 |
_aAR-LpoUNG _bspa _cAR-LpoUNG _eaacr |
||
| 041 | 1 | _aspa | |
| 044 | _asp | ||
| 082 | 0 | _a370.194 866ped | |
| 100 | 1 | _aFreire, Paulo | |
| 245 | 1 | 0 |
_aPedagogía : _bdiálogo y conflicto |
| 260 |
_aBuenos Aires : _bEdiciones Cinco, _c1987. |
||
| 300 |
_a190 p. : _bfot. |
||
| 650 | 4 | _aACCESO A LA EDUCACION | |
| 650 | 4 | _aALFABETIZACION | |
| 650 | 4 | _aCIENCIAS DE LA EDUCACION | |
| 650 | 4 | _aEDUCACION | |
| 650 | 4 | _aFILOSOFIA DE LA EDUCACION | |
| 650 | 4 | _aFINES DE LA EDUCACION | |
| 650 | 4 | _aENSEÑANZA | |
| 650 | 4 | _aESCUELAS | |
| 650 | 4 | _aPOLITICA EDUCATIVA | |
| 650 | 4 | _aPRACTICA PEDAGOGICA | |
| 650 | 4 | _aSISTEMAS DE ENSEÑANZA | |
| 650 | 4 | _aCOMUNICACION | |
| 653 | 0 | _aLENGUAJE | |
| 700 | 1 | _aGadotti, Moacir | |
| 700 | 1 | _aGuimaraes, Sergio | |
| 700 | 1 | _aHernandez, Isabel | |
| 700 | 1 |
_aRomero, Isabel _etr. |
|
| 905 | _a7496 | ||
| 942 |
_cLIB _2ddc |
||
| 999 |
_c63357 _d63357 |
||